000 00517nam a2200181Ia 4500
008 240729s9999 xx 000 0 und d
022 _a1177-8903
245 0 _aNanotechnology, Science and Applications
260 _aUnited Kingdom
260 _bDove Medical Press
650 _a Chemical technology
650 _a Medical technology | Technology
650 _a Medicine (General)
650 _aMedicine
856 _uhttps://doaj.org/toc/093b9d81ee344e7dbe8d81177758646e
942 _2ddc
942 _cDOAJEJ
999 _c73810
_d73810
945 _a1
_bMadushi Gamage
_c1
_dMadushi Gamage